Ansiedad, miedos y fobias en niños y adolescentes
I tiakina i:
| Kaituhi matua: | |
|---|---|
| Hōputu: | Pukapuka |
| Reo: | Pāniora |
| I whakaputaina: |
Madrid
Dykinson
1997
|
| Rangatū: | Colección Dykinson Psicología
|
| Ngā marau: | |
| Ngā Tūtohu: |
Tāpirihia he Tūtohu
Kāore He Tūtohu, Me noho koe te mea tuatahi ki te tūtohu i tēnei pūkete!
|
MARC
| LEADER | 00000nam a2200000 a 4500 | ||
|---|---|---|---|
| 001 | UCQ9784 | ||
| 003 | CL-VaPUC | ||
| 008 | 990121e19970000SP |||||||||||||||||spa|d | ||
| 082 | 0 | 4 | |a 155.2 |b SAN |2 21 |
| 100 | 0 | |a Sandín, Bonifacio |e author |9 424426 | |
| 245 | 1 | 0 | |a Ansiedad, miedos y fobias en niños y adolescentes |
| 300 | |a 295 p | ||
| 942 | |c BK | ||
| 945 | |d 19990121 00:00:00 |a aarredon | ||
| 260 | |a Madrid |b Dykinson |c 1997 | ||
| 650 | 0 | |a Psicología del niño |9 307305 | |
| 650 | 0 | |a Ansiedad |9 307519 | |
| 650 | 0 | |a Psicología del adolescente |9 307864 | |
| 650 | 7 | |a PSICOTERAPIA |2 CL-VaPUC |9 424427 | |
| 650 | 0 | |a Miedo |9 307306 | |
| 650 | 0 | |a Adolescentes |9 308058 | |
| 650 | 0 | |a Fobias |9 335917 | |
| 650 | 0 | |a Depresión |9 334267 | |
| 583 | |a last modification |c 20130107 12:00:03 |k Rodrigo Vera | ||
| 490 | 0 | |a Colección Dykinson Psicología | |
| 999 | |c 278688 |d 278686 | ||
| 952 | |0 0 |1 0 |4 0 |6 155_200000000000000_SAN_1997 |7 0 |8 A |9 317409 |a BIBEDU |b BIBEDU |d 2019-11-20 |i 3494314 |o 155.2 SAN 1997 |p 3494314 |r 2019-11-20 |w 2019-11-20 |y BK |k BME | ||